000 00227nmm a2200085Ia 4500
008 220120s9999||||xx |||||||||||||||||und||
100 _aEFY August 2010
_911235
245 0 _aPCB design tools, circuits, e-books
260 _aEFY press
999 _c139560
_d139560